| 000 | 00437nam a2200121 4500 | ||
|---|---|---|---|
| 999 |
_c13131 _d13131 |
||
| 008 | 190207b ||||| |||| 00| 0 eng d | ||
| 082 | _aDPer 303.405 H22 June -Sept 2016 v.12 n. 7-10 | ||
| 245 |
_aSnapdragon 820: _bwhat's new in qualcomm's flagship soc |
||
| 260 |
_aQuezon City: _bHardware Zone Phils. Corp., _cJune -Sept 2016. |
||
| 300 |
_av12 n7, page 88-89: _billustrations; _c28 cm. |
||
| 650 |
_aTechnology _936760 |
||
| 942 |
_2ddc _cPER |
||